000 00798nam a2200205 a 4500
001 2506566
008 150616s1993 ||||||||||||||||| || u
010 _a92046611
020 _a0821323172
050 _aIBRD(06)PP/1993/2
110 _aWorld Bank
245 1 0 _aEnergy efficiency and conservation in the developing world : the World Bank's role.
260 _aWashington, D.C.
_bWorld Bank
_c1993
300 _a102 p. : ill. ; 23 cm.
490 _aWorld Bank policy paper
500 _aIncludes bibliographical references (p. 83-102).
650 _aENERGY POLICY--DEVELOPING COUNTRIES
650 _aENERGY CONSUMPTION--DEVELOPING COUNTRIES
995 _FCBU-MAIN LIBRARY (Kitwe)
_M1
_UAVAILABLE
_WJun 16, 2015
_ZInternational Publications
999 _c41862
_d41862